000 00983nam a2200277Ma 4500
005 20170608110259.0
008 150609s2009 sp fr 000 0 spa d
017 _aDL NA. 1087-2009
020 _a9788483559499
020 _a8483559498
035 _a(OCoLC)804221084
040 _aCO-BoUCM
_bspa
_cJose A. Gerena
_dJose A. Gerena
100 1 _aGuillén Catalán, Raquel
_969482
245 1 0 _aOferta contractual y nuevas tecnologías
_cRaquel Guillén Catalán
260 _aCizur Menor (Navarra, España)
_bAranzadi
_c2009
300 _a123 páginas
490 1 _aRevista Aranzadi de derecho y nuevas tecnologías
_v7
504 _aIncluye referencias bibliográficas
650 0 7 _aContratos
_911818
650 0 7 _aTecnología
_98143
_xAspectos jurídicos
650 0 7 _aComercio electrónico
_xAspectos jurídicos
_941885
690 _942779
_aDerecho privado
942 _2DEWEY
_a8
_cLIBRO
_e1
_h346.61
_mG958
041 _aspa
999 _c298890
_d298890